導出完成 — 

Giáo trình Tiếng Hàn tổng hợp dành cho người Việt 2. Sơ cấp 2

Đã lưu trong:
書目詳細資料
主要作者: Cho Hang Rok
格式: 圖書
語言:Korean
主題:
標簽: 添加標簽
沒有標簽, 成為第一個標記此記錄!
Thư viện lưu trữ: Mạng thư viện Đại học Đà Nẵng
LEADER 01303nam a22003131a 4500
001 000041002
003 17298
005 20160413000000.0
008 160413s0 000 kor
041 |a kor 
082 |a 495.7  |b CH-R  |2 Sơ cấp 2 
100 |a Cho Hang Rok 
245 |a Giáo trình Tiếng Hàn tổng hợp dành cho người Việt 2.  |c Cho Hang Rok...[Và Những Người Khác ]  |n Sơ cấp 2 
300 |a 316tr. : mh ; 30cm 
650 |a Giáo trình Tiếng Hàn tổng hợp dành cho người Việt 2, Giáo trình Tiếng Hàn, Tiếng Hàn tổng hợp, Tiếng Hàn tổng hợp dành cho người Việt, Cho Hang Rok, Thực hành dịch nói 1, Thực hành dịch viết Hàn – Việt 1. 
852 |b Chuyên đề  |c Giáo trình 
OWN |a LNN 
AVA |a UDN50  |b LNN  |d 495.7 CH-R  |e available  |t Error 5001 Not defined in file expand_doc_bib_avail.  |f 1  |g 0  |h N  |i 0  |k 1 
999 |a From the UDN01 
AVA |a UDN50  |b LNN  |d 495.7 CH-R  |e available  |t Error 5001 Not defined in file expand_doc_bib_avail.  |f 1  |g 0  |h N  |i 0  |k 1 
TYP |a Monograph 
TYP |a Printed language 
980 |a Mạng thư viện Đại học Đà Nẵng